• 首页
  • 本馆介绍
  • 公告通知
  • 最新文献
  • 馆藏检索
  • 电子资源
  • 读者导购
  • 参考咨询
  • 我的图书馆
  • 登录
  • 详细信息显示
  • 放入我的书架
  • 预约/预借图书
  • 作者相关作品
  • 分类相关作品
  • 丛书相关作品
  • 出版社相关作品

书目信息

  • 表格格式
  • 工作单格式
  • 卡片格式
题名:
将领讲述八路军抗战
    
 
作者: 沈晓昭 , 韩淑芳 主编 ;热血山河丛书编辑委员会 编
分册:  
出版信息: 北京   中国文史出版社  2018
页数: 508页
开本: 24cm
丛书名: 热血山河丛书
单 册:
中图分类: K265.106
科图分类:
主题词:
电子资源:
ISBN: 978-7-5034-9683-7
000 01154oam2 2200289 450
001 012001004924
005 20140928162350.0
010    @a978-7-5034-9683-7@dCNY79.00
100    @a20180217d2018 em y0chiy50 ea
101 0  @achi
102    @aCN@b110000
105    @aa z 000yy
106    @ar
200 1  @a将领讲述八路军抗战@9jiang ling jiang shu ba lu jun kang zhan@f《热血山河丛书》编辑委员会编
210    @a北京@c中国文史出版社@d2018
215    @a508页@c照片@d24cm
225 1  @a热血山河丛书
314    @a主编:沈晓昭、韩淑芳
330    @a本书为汇编作品,选择了34位八路军高级将领为全书的主轴,围绕每位将领挑选已经出版发表过“三亲”文章(亲历、亲见、亲闻)1-2篇,个别篇目以他人回忆文章代替,从八路军将领视角生动再现了八路军在中国共产党领导下,为争取中华民族的生存与独立,浴血奋战、不畏牺牲的光荣历史。
461  0 @12001 @a热血山河丛书
601 02 @a八路军@x抗日战争@x史料
690    @aK265.106@v5
701  0 @a沈晓昭@9shen xiao zhao@4主编
701  0 @a韩淑芳@9han shu fang@4主编
712 02 @a热血山河丛书编辑委员会@9re xue shan he cong shu bian ji wei yuan hui@4编
801  0 @aCN@b上海新华@c20180901
905    @b1167313-7@dK265.106@e154@f5
    
    将领讲述八路军抗战/《热血山河丛书》编辑委员会编.-北京:中国文史出版社,2018
    508页:照片;24cm.-(热血山河丛书)
    
    
    ISBN 978-7-5034-9683-7:CNY79.00
    本书为汇编作品,选择了34位八路军高级将领为全书的主轴,围绕每位将领挑选已经出版发表过“三亲”文章(亲历、亲见、亲闻)1-2篇,个别篇目以他人回忆文章代替,从八路军将领视角生动再现了八路军在中国共产党领导下,为争取中华民族的生存与独立,浴血奋战、不畏牺牲的光荣历史。
●
相关链接 在E读中查询图书 在五车中查询图书 在当当中查询图书 在豆瓣中查询图书


正题名:将领讲述八路军抗战     索取号:K265.106/154         预约/预借

序号 登录号 条形码 馆藏地/架位号 状态 备注
1 1167313   211673134   第二样本阅览室/ [索取号:K265.106/154] 在馆    
2 1167314   211673143   第二借阅区/ [索取号:K265.106/154] 在馆    
3 1167315   211673152   密集书库-文学院/ [索取号:K265.106/154] 在馆    
4 1167316   211673161   第二借阅区/ [索取号:K265.106/154] 在馆    
5 1167317   211673170   第二借阅区/ [索取号:K265.106/154] 在馆    
唐山师范学院图书馆 欢迎您!
大连网信软件有限公司© 版权所有